000 004530000a22001570004500
003 MACL
005 20160316151721.0
008 160316b xxu||||| |||| 00| 0 eng d
040 _aMACL
_cMACL
041 _aHindi
082 _a920
100 _aप्रसाद राजेन्‍द्र
_939284
245 _aचम्‍पारन में महात्‍मा गांधी
650 _aBiography
_946620
942 _cHIN
_k920
_2ddc
999 _c23396
_d23396